000 00391pab a2200157 454500
008 180718b1995 xxu||||| |||| 00| 0 eng d
100 _aBorzaga, Carlo
245 _aSocial co-operation in Italy
260 _c1995
300 _ap.47-50
650 _aCooperative societies - Italy
650 _aCooperation - Italy
700 _aLepri, Stefano
773 _aDevelopment
909 _a30013
999 _c30013
_d30013